مكتبة جامعة عجلون الوطنية

فهرس بحث المكتبة

الإخراج السينمائي : تقنيات وجماليات (Record no. 33739)

MARC details
000 -LEADER
fixed length control field 00868nam a22002297a 4500
003 - CONTROL NUMBER IDENTIFIER
control field JO-AjAnu
005 - DATE AND TIME OF LATEST TRANSACTION
control field 20241019100858.0
008 - FIXED-LENGTH DATA ELEMENTS--GENERAL INFORMATION
fixed length control field 241019b jo ||||| |||| 00| 0 ara d
020 ## - INTERNATIONAL STANDARD BOOK NUMBER
International Standard Book Number 978-977-448-072-0
040 ## - CATALOGING SOURCE
Transcribing agency JO-AjAnu
041 ## - LANGUAGE CODE
Language code of original ARA
100 ## - MAIN ENTRY--PERSONAL NAME
Personal name رابيجر، مايكل
Relator term مؤلف
9 (RLIN) 66272
245 ## - TITLE STATEMENT
Title الإخراج السينمائي : تقنيات وجماليات
Statement of responsibility, etc. / مايكل رابيجر
260 ## - PUBLICATION, DISTRIBUTION, ETC.
Place of publication, distribution, etc. القاهرة :
Name of publisher, distributor, etc. المركز القومي للتجرمة،
Date of publication, distribution, etc. 2013
300 ## - PHYSICAL DESCRIPTION
Extent 906 صفحة
500 ## - GENERAL NOTE
General note يحتوي هذا الكتاب على صور من وحي الواقع
650 ## - SUBJECT ADDED ENTRY--TOPICAL TERM
Form subdivision الإخراج السينمائي
700 ## - ADDED ENTRY--PERSONAL NAME
Personal name أحمد يوسف
Relator term مترجم ومقدم
9 (RLIN) 66274
700 ## - ADDED ENTRY--PERSONAL NAME
Personal name حامد إبراهيم
Relator term مصحح لغوي
9 (RLIN) 66276
700 ## - ADDED ENTRY--PERSONAL NAME
Personal name حسن كامل
Relator term مشرف فني
9 (RLIN) 66278
942 ## - ADDED ENTRY ELEMENTS (KOHA)
Source of classification or shelving scheme Library of Congress Classification
Koha item type Books
Suppress in OPAC No
Holdings
Withdrawn status Lost status Source of classification or shelving scheme Damaged status Not for loan Home library Current library Date acquired Total Checkouts Full call number Barcode Date last seen Price effective from Koha item type
    Library of Congress Classification     مكتبة جامعة عجلون الوطنية مكتبة جامعة عجلون الوطنية 19/10/2024   PN1995.9.P7.R2125.2013 A30083 19/10/2024 19/10/2024 Books